[Event "Montpellier op 20th"]
[Site "Montpellier"]
[Date "2014.07.05"]
[Round "1"]
[White "Marholev, Dimitar"]
[Black "Fargere, Fabien"]
[Result "0-1"]
[WhiteElo "2349"]
[BlackElo "2083"]
[PlyCount "94"]
[EventDate "2014.07.05"]
[EventType "swiss"]
[EventRounds "9"]
[EventCountry "FRA"]
[SourceTitle "CBM 161 Extra"]
[Source "ChessBase"]
[SourceDate "2014.08.29"]
[SourceVersion "1"]
[SourceVersionDate "2014.08.29"]
[SourceQuality "1"]

1. e4 e6 2. d4 d5 3. Nd2 Be7 4. e5 c5 5. c3 Nc6 6. Ngf3 Bd7 7. dxc5 Bxc5 8. Nb3 Bb6 9. Bd3 Nge7 10. Bf4 Ng6 11. Bg3 Qb8 12. Qe2 Bc7 13. Bxg6 hxg6 14. Nc5 Rh5 15. Nd3 f6 16. exf6 gxf6 17. 0-0-0 b6 18. Nh4 Kf7 19. Bxc7 Qxc7 20. g3 e5 21. f4 e4 22. Ne1 Rxh4 23. gxh4 Qxf4+ 24. Qd2 e3 25. Qxd5+ Be6 26. Qf3 Qxf3 27. Nxf3 Bg4 28. Rdf1 e2 29. Rf2 Re8 30. Re1 Ne5 31. Nxe5+ Rxe5 32. Rf4 Bh5 33. Kd2 Ke6 34. h3 Ra5 35. a4 b5 36. axb5 Rxb5 37. b4 a5 38. Kd3 axb4 39. cxb4 Rd5+ 40. Rd4 Rf5 41. Kd2 Ke5 42. Rc4 Kd6 43. Rb1 Rd5+ 44. Kc2 Rd1 45. Re4 Rxb1 46. Kxb1 f5 47. Re8 f4 0-1

[Event "Val Thorens op"]
[Site "Val Thorens"]
[Date "2009.??.??"]
[Round "3"]
[White "Fargere, Fabien"]
[Black "Nadasi, Balazs"]
[Result "1/2-1/2"]
[WhiteElo "2020"]
[BlackElo "2085"]
[PlyCount "80"]
[EventDate "2009.07.18"]
[EventType "swiss"]
[EventRounds "9"]
[EventCountry "FRA"]
[SourceTitle "CBM 131 Extra"]
[Source "ChessBase"]
[SourceDate "2009.09.03"]
[SourceVersion "2"]
[SourceVersionDate "2009.09.16"]
[SourceQuality "1"]

1. Nf3 Nf6 2. c4 g6 3. g3 Bg7 4. Bg2 0-0 5. 0-0 d6 6. Nc3 Nc6 7. Rb1 a5 8. a3 e5 9. d3 Re8 10. Bg5 h6 11. Bxf6 Qxf6 12. b4 axb4 13. axb4 Qd8 14. b5 Ne7 15. Nd2 c6 16. Qb3 Be6 17. bxc6 bxc6 18. Qb6 d5 19. cxd5 cxd5 20. Qxd8 Raxd8 21. Nb5 Nf5 22. Nc7 Re7 23. Nxe6 Rxe6 24. e3 Ra6 25. Rfc1 Ra3 26. Rb3 Ra2 27. Nb1 d4 28. e4 Nd6 29. Na3 Bf8 30. Nc4 Rc8 31. Bf1 h5 32. Rcb1 Nxc4 33. dxc4 Rd2 34. R3b2 Rxb2 35. Rxb2 Kg7 36. Bd3 Bc5 37. Rb5 Kf6 38. Kg2 Rc7 39. Ra5 Ke7 40. Kf3 Kd6 1/2-1/2

[Event "FRA-ch U14"]
[Site "Le Grand Bornand"]
[Date "2003.??.??"]
[Round "1.7"]
[White "Heinz, Timothee"]
[Black "Fargere, Fabien"]
[Result "1-0"]
[WhiteElo "2084"]
[BlackElo "1750"]
[PlyCount "45"]
[EventDate "2003.??.??"]
[EventType "swiss"]
[EventRounds "9"]
[EventCountry "FRA"]
[SourceTitle "EXT 2004"]
[Source "ChessBase"]
[SourceDate "2003.11.25"]
[SourceVersion "1"]
[SourceVersionDate "2003.11.25"]
[SourceQuality "1"]

1. e4 e6 2. d4 d5 3. Nc3 Nf6 4. e5 Nfd7 5. f4 c5 6. Nf3 Nc6 7. Be3 cxd4 8. Nxd4 Nxd4 9. Bxd4 Bb4 10. Bd3 0-0 11. Qh5 g6 12. Qe2 Nb6 13. a3 Be7 14. g3 Bd7 15. h4 h5 16. 0-0-0 Rc8 17. g4 hxg4 18. Qxg4 Kg7 19. h5 Be8 20. Rdg1 g5 21. f5 exf5 22. h6+ Kh8 23. Qxf5 1-0